[Event "Gausdal Classics op 2nd"]
[Site "Gausdal"]
[Date "2003.10.24"]
[Round "5"]
[White "Przybylski, Helmut"]
[Black "Pedersen, Oyvind"]
[Result "1/2-1/2"]
[WhiteElo "2131"]
[BlackElo "2050"]
[PlyCount "97"]
[EventDate "2003.10.??"]
[EventType "swiss"]
[EventRounds "11"]
[EventCountry "NOR"]
[SourceTitle "EXT 2005"]
[Source "ChessBase"]
[SourceDate "2004.11.15"]
[SourceVersion "1"]
[SourceVersionDate "2004.11.15"]
[SourceQuality "1"]

1. c4 e5 2. Nc3 d6 3. g3 c6 4. Bg2 Nf6 5. d4 Nbd7 6. e3 Be7 7. Nge2 0-0 8. 0-0 Ne8 9. b4 f5 10. Rb1 Ndf6 11. Qb3 Be6 12. b5 e4 13. bxc6 bxc6 14. f3 d5 15. cxd5 Bxd5 16. Nxd5 cxd5 17. fxe4 fxe4 18. Nc3 Kh8 19. Bd2 Nc7 20. Qb7 Qd6 21. Nb5 Nxb5 22. Bb4 Rfb8 23. Bxd6 Rxb7 24. Bxe7 Rxe7 25. Rxb5 Ng4 26. Rfb1 Nxe3 27. Kf2 Ng4+ 28. Ke2 Nf6 29. Bh3 g6 30. Rb7 Rae8 31. Ke3 g5 32. Bf5 Kg7 33. a4 Kf7 34. a5 a6 35. Rxe7+ Rxe7 36. Rb6 Ra7 37. Bc8 Rc7 38. Rb7 Ne8 39. Rxc7+ Nxc7 40. h4 Kf6 41. hxg5+ Kxg5 42. Bd7 Kf6 43. Bc8 h6 44. Bd7 Ke7 45. Bc8 Kd8 46. Bb7 Kd7 47. Kf2 Ke6 48. Ke2 Kd6 49. Ke3 1/2-1/2

[Event "Gausdal Classics op 2nd"]
[Site "Gausdal"]
[Date "2003.10.23"]
[Round "4"]
[White "Harstad, Christian"]
[Black "Przybylski, Helmut"]
[Result "0-1"]
[WhiteElo "2107"]
[BlackElo "2131"]
[PlyCount "58"]
[EventDate "2003.10.??"]
[EventType "swiss"]
[EventRounds "11"]
[EventCountry "NOR"]
[SourceTitle "EXT 2005"]
[Source "ChessBase"]
[SourceDate "2004.11.15"]
[SourceVersion "1"]
[SourceVersionDate "2004.11.15"]
[SourceQuality "1"]

1. d4 d5 2. c4 c6 3. Nf3 Nf6 4. Nc3 a6 5. c5 Nbd7 6. Qb3 e5 7. e3 e4 8. Nd2 b6 9. cxb6 Nxb6 10. Be2 Bd6 11. 0-0 0-0 12. f3 c5 13. fxe4 cxd4 14. exd4 dxe4 15. Ndxe4 Nxe4 16. Nxe4 Bc7 17. Qd3 Bb7 18. Ng5 g6 19. Nf3 Qd6 20. g3 Qd5 21. Bh6 Rfe8 22. Rac1 Bd6 23. Bd1 Re7 24. Bg5 Rd7 25. Bb3 Qa5 26. Bf6 Rf8 27. Ne5 Bxe5 28. Rc5 Qxc5 29. dxc5 Rxd3 0-1

[Event "Wichern op 6th"]
[Site "Hamburg"]
[Date "2001.10.19"]
[Round "7.23"]
[White "Przybylski, Helmut"]
[Black "Jordan, Juergen"]
[Result "1/2-1/2"]
[WhiteElo "2222"]
[BlackElo "2068"]
[PlyCount "92"]
[EventDate "2001.10.21"]
[EventType "swiss"]
[EventRounds "9"]
[EventCountry "GER"]
[SourceTitle "EXT 2002"]
[Source "ChessBase"]
[SourceDate "2001.11.25"]
[SourceVersion "1"]
[SourceVersionDate "2001.11.25"]
[SourceQuality "1"]

1. c4 e6 2. Nf3 c5 3. g3 b6 4. Bg2 Bb7 5. 0-0 Nf6 6. Nc3 Be7 7. b3 0-0 8. Bb2 a6 9. Re1 d6 10. d4 cxd4 11. Nxd4 Bxg2 12. Kxg2 Qc7 13. Rc1 Nbd7 14. f3 Rfd8 15. Qd2 Rac8 16. e4 Qc5 17. Qe3 Qh5 18. Nde2 Ne5 19. Nf4 Qh6 20. Nd3 Nxd3 21. Qxd3 Qg6 22. Qe3 Nd7 23. Rcd1 h5 24. Ne2 h4 25. Nf4 Qh6 26. Nd3 Qg6 27. Nf4 Qh6 28. Nd3 Qg6 29. g4 Bg5 30. f4 Bf6 31. h3 b5 32. cxb5 axb5 33. f5 Qg5 34. Qxg5 Bxg5 35. Re2 Nc5 36. Nb4 Bf4 37. Kf3 Bg3 38. Bd4 exf5 39. exf5 Re8 40. Red2 Be1 41. Rxe1 Rxe1 42. Bf2 Rh1 43. Kg2 Ne4 44. Kxh1 Nxd2 45. Bxh4 Ne4 46. Kg2 f6 1/2-1/2

[Event "Wichern op 6th"]
[Site "Hamburg"]
[Date "2001.10.17"]
[Round "5.5"]
[White "Przybylski, Helmut"]
[Black "Kotronias, Vasilios"]
[Result "0-1"]
[WhiteElo "2222"]
[BlackElo "2528"]
[PlyCount "79"]
[EventDate "2001.10.21"]
[EventType "swiss"]
[EventRounds "9"]
[EventCountry "GER"]
[SourceTitle "EXT 2002"]
[Source "ChessBase"]
[SourceDate "2001.11.25"]
[SourceVersion "1"]
[SourceVersionDate "2001.11.25"]
[SourceQuality "1"]

1. c4 g6 2. Nc3 Bg7 3. g3 Nf6 4. e4 d6 5. Bg2 0-0 6. Nge2 c5 7. d3 Nc6 8. 0-0 a6 9. a3 Rb8 10. Rb1 b5 11. cxb5 axb5 12. b4 Ba6 13. h3 Nd7 14. Be3 Nd4 15. f4 e6 16. Qd2 Qe7 17. bxc5 dxc5 18. e5 Nxe2+ 19. Nxe2 Qd8 20. Rfc1 Re8 21. Kh2 Bf8 22. Rd1 Nb6 23. Bc6 Nd5 24. Nc3 Nxc3 25. Qxc3 Re7 26. Be4 Rc7 27. Qa5 Qc8 28. Rbc1 Bb7 29. Bxb7 Qxb7 30. Rb1 Rd7 31. Qe1 Ra8 32. Rb3 Rad8 33. Qe2 c4 34. Rc3 h5 35. Bc1 Qd5 36. Rd2 Bc5 37. Rd1 Bb6 38. a4 Ba5 39. Ra3 b4 40. Ra2 0-1